University of Westminster v President LT (Record no. 55844)

MARC details
000 -LEADER
fixed length control field 01820cab a2200277 4500
001 - CONTROL NUMBER
control field ABS59359
008 - FIXED-LENGTH DATA ELEMENTS--GENERAL INFORMATION
fixed length control field 090401t1998 xxu||||| |||| 00| 0 eng d
035 ## - SYSTEM CONTROL NUMBER
System control number (Sirsi) u88409
041 ## - LANGUAGE CODE
Language code of text/sound track or separate title eng
245 ## - TITLE STATEMENT
Title University of Westminster v President LT
260 ## - PUBLICATION, DISTRIBUTION, ETC.
Date of publication, distribution, etc. 1998
350 ## - PRICE (NR) (BK AM CF MU VM SE) [OBSOLETE]
Price 0
490 ## - SERIES STATEMENT
Series statement All England Law Reports
Volume/sequential designation [1998] 3 ALL ER 1014-1024(13)
520 ## - SUMMARY, ETC.
Summary, etc. CA 15 July 1998. The University of Westminster (W) applied to the LT to discharge or modify user restrictions on its land. There was no response or objections to the notice of application served on those persons entitled to the benefit of the restrictions. The LT refused to discharge the restrictions on the basis that if the notice had indicated that the applicants sought to remove all restrictions on user there may have been objections. However, it determined that the restrictions should be modified to allow for general education purposes. W appealed contending inter alia that in the absence of evidence that any potential objector was misled by the notice, the LT was bound to discharge the restrictions. CA held that W had failed to satisfy the LT either, that some reasonable user of the land would be impeded unless the restrictions were wholly discharged or, that the persons entitled to the benefit of restrictions had to be taken to have agreed to the discharge. Appeal dismissed.
650 ## - SUBJECT ADDED ENTRY--TOPICAL TERM
Topical term or geographic name entry element DISCHARGE
650 ## - SUBJECT ADDED ENTRY--TOPICAL TERM
Topical term or geographic name entry element EVIDENCE OF AGREEMENT
650 ## - SUBJECT ADDED ENTRY--TOPICAL TERM
Topical term or geographic name entry element GEE V NATIONAL TRUST FOR PLACES OF HISTORIC INTEREST OR NATURAL BEAUTY
650 ## - SUBJECT ADDED ENTRY--TOPICAL TERM
Topical term or geographic name entry element LAW OF PROPERTY ACT 1925 S84
650 ## - SUBJECT ADDED ENTRY--TOPICAL TERM
Topical term or geographic name entry element MODIFICATION
650 ## - SUBJECT ADDED ENTRY--TOPICAL TERM
Topical term or geographic name entry element NOTICE OF APPLICATION FOR DISCHARGE OR MODIFICATION
650 ## - SUBJECT ADDED ENTRY--TOPICAL TERM
Topical term or geographic name entry element RESTRICTIVE COVENANTS
650 ## - SUBJECT ADDED ENTRY--TOPICAL TERM
Topical term or geographic name entry element USER RESTRICTIONS
690 ## - LOCAL SUBJECT ADDED ENTRY--TOPICAL TERM (OCLC, RLIN)
Topical term or geographic name as entry element PROPERTY LAW AND PRACTICE-CASE LAW
942 ## - ADDED ENTRY ELEMENTS (KOHA)
Suppress in OPAC 0
948 ## - LOCAL PROCESSING INFORMATION (OCLC); SERIES PART DESIGNATOR (RLIN)
c (OCLC) 11/09/1998
Holdings
Withdrawn status Lost status Source of classification or shelving scheme Damaged status Not for loan Home library Current library Shelving location Date acquired Total Checkouts Full call number Barcode Date last seen Copy number Price effective from Koha item type
    Dewey Decimal Classification     London London Journal article 14/09/1999   ABS59359 88409-1001 06/08/2019 1 06/08/2019 Law report